| 000 | 00757nam a22002177a 4500 | ||
|---|---|---|---|
| 003 | OSt | ||
| 005 | 20260306024600.0 | ||
| 008 | 260306b |||||||| |||| 00| 0 eng d | ||
| 020 | _a978-8-88836-378-2 | ||
| 040 |
_aDWCL-Main lib _cOC |
||
| 082 | _aCirc. 629.04 W246t 2024 | ||
| 100 | _aWang, Amanda | ||
| 245 |
_aTransportation and vehicular engineering: _ba practical approach _cAmanda Wang |
||
| 260 |
_aNew York, USA: _bLarsen and Keller Education, _cc2024. |
||
| 300 |
_avi, 220 pages: _billustrations; _c26 cm. |
||
| 504 | _aIncludes bibliographical references and index. | ||
| 650 | _a1. Transportation engineering. | ||
| 650 | _a2. Automobiles--Design and construction. | ||
| 650 | _a3. Traffic engineering. | ||
| 942 |
_2ddc _cBK-CIRC _kCirc. _n0 |
||
| 999 |
_c8662 _d8662 |
||